| 000 | 00454nam a2200133 a 4500 | ||
|---|---|---|---|
| 008 | 120416s1972 ||||||||||||||||| || u | ||
| 050 | _aHF 5549 Ben | ||
| 100 | _aBenton, Lewis R | ||
| 245 | 1 | 0 | _aSupervision and management |
| 260 |
_aNew York _bMcGraw-Hill _c1972 |
||
| 300 | _aviii, 544p. | ||
| 350 | _a0.00 | ||
| 995 |
_D0.00 _FCBU-MAIN LIBRARY (Kitwe) _H1 _I0.00 _UDAMAGED _ZMain Library Open Access Collection |
||
| 999 |
_c59108 _d59108 |
||